Statistiques concernant Mots de la langue française terminés par "igne"

Cliquez ici pour prendre le quiz!

Statistiques générales

  • Ce quiz a été pris 143 fois
  • Le résultat moyen est 9 sur 17

Statistiques - réponses

IndiceMot% Correct
traitligne
87%
raisinvigne
81%
04000Digne
80%
qui ne mérite pasindigne
79%
marquesigne
78%
démêloirpeigne
63%
remarquableinsigne
60%
instruction stricteconsigne
50%
infection du cheveuteigne
50%
ceriseguigne
45%
insignifiantebénigne
43%
sorte de sourismusaraigne
41%
pancarteenseigne
36%
forcepoigne
29%
fruit - coup (familier)châtaigne
23%
crochet pointu utilisé en chirurgieérigne
14%
ouverture permettant l'introduction de l'eau de mer dans les marais salants.varaigne
0%

Distribution des résultats

Percentile par nombre de réponses

% des personnes avec chaque résultat

Votre développement - résultats

Vous n’avez pas pris ce quiz